000
00237nam a22000857a 4500
008
161126b xxu||||| |||| 00| 0 eng d
100
_9
1459
_a
Young Learners
245
_a
Spleeping Beauty
260
_a
New Delhi
_b
Young Learners publication
_c
2011
999
_c
4182
_d
4182